All 25k+ cities in Connecticut with a map - Statistics

General Stats
  • This quiz has been taken 40 times
    9 since last reset
  • The average score is 22 of 45
Answers on the Map
Answers color-coded by a green-red scale on the quiz's map according to % correct below.
 
Answer Stats
City Population % Correct
Danbury 86,518
100%
Hartford 121,054
100%
New Britain 74,135
100%
New Haven 134,023
100%
Stamford 135,470
100%
Waterbury 114,403
100%
Bridgeport 148,654
80%
East Hartford 51,045
80%
East Haven 27,923
80%
Greenwich 63,518
80%
New London 27,367
80%
Norwalk 91,184
80%
West Hartford 64,083
80%
West Haven 55,584
80%
Bristol 60,833
60%
Fairfield 61,512
60%
Meriden 60,850
60%
Middletown 47,717
60%
Milford 52,044
60%
Naugatuck 31,519
60%
Norwich 40,125
60%
Glastonbury 35,159
40%
Groton 38,411
40%
Hamden 61,169
40%
Manchester 59,713
40%
New Milford 28,115
40%
Shelton 40,869
40%
Torrington 35,515
40%
Branford 28,273
20%
Cheshire 28,733
20%
Enfield 42,141
20%
Farmington 26,712
20%
Mansfield 25,892
20%
Newington 30,536
20%
Newtown 27,173
20%
Ridgefield 25,033
20%
Southington 43,501
20%
Stratford 52,355
20%
Trumbull 36,827
20%
Wallingford 44,396
20%
Westport 27,141
20%
Wethersfield 27,298
20%
Windsor 29,492
20%
South Windsor 26,918
0%
Vernon 30,215
0%
No matching quizzes found
Score Distribution
Percent of People with Each Score
Percentile by Number Answered
Your Score History
You have not taken this quiz since the last reset